00708nam a2200181Ia 4500008004100000020001800041041000800059082001800067100002500085245006400110260003300174300000800207365001600215700003700231906005400268999001900322952018500341230718s9999 xx 000 0 und d a9788184958454 aeng a355.0335bBAR aBar-Zohar M.9117721 aMossadbThe Greatest Missions Of The Israeli Secret Service c2018bJaico Publishing House a388 cRs.b399.00 aBar-Zohar M. & Mishal N.9201189 dO:0617817-Oct-2018B:471612-Sep-2018cGENRLb87.78 c348718d348718 00104070aCCEPbCCEPd2018-10-17eTechnical Book ServicesfGENRLg311.22i4716l9o355.0335pCCEP-BK-59925r2026-02-20 09:38:10s2026-02-04t87.78v399.00w2018-09-12yBKz059925